LEADER 01624cam a22003734a 4500 001 000000123442 003 CaOOAMICUS 005 20101020122538.0 008 101020t2006 it b 000 0 ita r 020 $a88-420-2216-0 040 $aPUL$bita 041 1 $aita$heng 082 04$a880.9 100 1 $aHavelock, Eric Alfred.$0(OLS)http://pul/name/43316 240 10$aPreface to Plato.$lItaliano.$0(OLS)http://pul/title/155567 245 10$aCultura orale e civiltà della scrittura :$bda Omero a Platone /$cEric A. Havelock ; introduzione di Bruno Gentili ; traduzione di Mario Carpitella. 250 $a6. ed. 260 $aRoma ;$aBari :$bLaterza,$c2006. 300 $aXIV, 350 p. ;$c21 cm. 490 1 $aBiblioteca universale Laterza ;$v85 500 $aInclude indice. 504 $aBibliografia p. 325-[333]. 650 4$aScrittura$xStoria$xOrigini.$0(OLS)http://pul/subject/36037 700 1 $aCarpitella, Mario.$0(OLS)http://pul/name/87 700 1 $aGentili, Bruno,$d1915-$0(OLS)http://pul/name/11530 830 0$aBiblioteca universale (Laterza) ;$v85.$0(OLS)http://pul/title/51 850 $aPUL 852 $aPUL$W1$xSL Cons. Gen., Altre Classi 3$y75$m880. 9 HAVER 1$j142078$qDDC 21$B141057$CPULBib$Z2$F141057 $H114893 $82 941 1 $a9 996 $6020$a88-420-2216-0$9(OLS)http://pul/number/145675 996 $6082$a880.9$9(OLS)http://pul/classification/1697 996 $6245$aCultura orale e civiltà della scrittura :$bda Omero a Platone$9(OLS)http://pul/title/155568 996 $6260$aRoma ;$aBari :$bLaterza$9(OLS)http://pul/publisher/57682 LEADER 01497nam a2200301 a 4500 001 000000149815 003 CaOOAMICUS 005 20160226162436.0 008 160226s2016 it u000 u ita r 020 $a978-88-311-3391-3* 032 $aLibriCat 040 $aPUL$bita 100 1 $aParisi, Cristiano Massimo,$cC.P.,$d1969 -$0(OLS)http://pul/name/90553 245 13$aLa Stellvertretung in Dietrich Bonhoeffer:$bl'itinerario di Bonhoeffer e la condizione dell'uomo chiamato ad esistere con/per gli altri /$cCristiano Massimo Parisi; prefazione di Nicola Ciola. 260 $aRoma :$bCittà Nuova,$c©2016. 300 $a352 p. ;$c21 cm. 490 1 $aCollana di teologia ;$v86 504 $aBibliografia in nota a piè pagina. 600 14$aBonhoeffer, Dietrich,$d1906-1945$xCristologia.$0(OLS)http://pul/subject/43085 700 1 $aCiola, Nicola,$csacerdote,$d1952-$0(OLS)http://pul/name/1596 830 0$aCollana di teologia ;$v86.$0(OLS)http://pul/title/18581 850 $aPUL 852 $aPUL$W1$xSL Religione 3$y85$m230 COLL 8.86$j172437$qDDC 21$B174174$CPULBib$Z2$F174174 $H127331 $81 941 1 $a9 996 $6020$a978-88-311-3391-3*$9(OLS)http://pul/number/159889 996 $6245$aLa Stellvertretung in Dietrich Bonhoeffer:$bl'itinerario di Bonhoeffer e la condizione dell'uomo chiamato ad esistere con/per gli altri$9(OLS)http://pul/title/177785 996 $6260$aRoma :$bCittà Nuova$9(OLS)http://pul/publisher/47927